000 00745nas1a22002171i 4500
001 RU\NLR\Per\1060090
005 20240921110324.0
035 _a(NLR Aleph) 010486533
090 _a10084867
_c10084867
100 _a20140815a20099999|||y0rusy50 ca
101 0 _arus
102 _aRU
110 _aag|||||||||
200 1 _aВоенная археология
_eжурнал
210 _aМосква
_cРМОО "ВПО Память - ПГ Рейд"
_d2010 -
606 1 _aВоенно-поисковые работы
_jПериодические издания
_yРоссийская Федерация
_92398213
_3RU\NLR\AUTH\661429736
686 1 _aЦ4,6(2Р)910я52
852 _aNLR
_jП11/5978
942 _cJOURNAL
980 _aRUSPER